000 03263nam a22002297a 4500
008 250516b |||||||| |||| 00| 0 eng d
020 _a9788411071574
040 _ctbs
041 _aspa
041 _heng
050 _aQP81.5
_b.W33 2022
100 _aWaal, F. B. M. de
_qFrans B. M.
_d1948-
_925249
_eauthor,
_eillustrator
245 _aDiferentes
_b: lo que los primates nos enseñan sobre el género
_c/ Frans de Waal with drawings and photographs by the author ; translated by Ambrosio Garcóa Leal.
260 _aBarcelona :
_bTusquets Editores,
_c2022.
300 _a440 pages : 12 unnumbered pages of plates :
_billustrations (black and white) ;
_c25 cm.
520 _aLo que el reino animal nos enseña sobre el sexo, el género y las relaciones humanas El gran estudioso de los primates Frans de Waal aborda enDiferentes la actual y debatida prevalencia del género (la división cultural entre lo masculino y lo femenino) sobre el sexo (la división biológica entre machos y hembras). Explora también los condicionantes tanto genéticos como culturales que subyacen a la conducta humana y a las diferencias respecto a la agresividad, la cooperación o la competencia entre machos y hembras de chimpancés y bonobos, y su reflejo en las relaciones de hombres y mujeres. Rebatiendo las teorías que postulan que toda conducta viene dictada por la herencia genética, el autor subraya lo que monos y primates pueden enseñarnos acerca de la identidad y la actividad sexual. Es hora de abandonar mitos como el de la mayor impulsividad sexual masculina frente a la femenina o los referidos a la homosexualidad (presente en más de cuatrocientas especies animales) o el mundo trans (una condición que también existe en el reino animal). De Waal ilustra sus a menudo polémicos argumentos con deliciosas historias anécdotas sobre los animales que ha estudiado a lo largo de su dilatada carrera.
520 _aWhat the Animal Kingdom Teaches Us About Sex, Gender, and Human Relationships Renowned primatologist Frans de Waal explores in Different the current and hotly debated prominence of gender (the cultural distinction between masculine and feminine) over sex (the biological distinction between male and female). He also examines the genetic and cultural factors that underlie human behavior and the differences in aggression, cooperation, and competition between male and female chimpanzees and bonobos—and how these are reflected in the relationships between men and women. Challenging theories that claim all behavior is dictated by genetic inheritance, de Waal emphasizes what monkeys and other primates can teach us about identity and sexual behavior. It’s time to move past myths such as men being inherently more sexually impulsive than women, or misconceptions about homosexuality (which exists in over four hundred animal species) and the trans experience (a condition also found in the animal kingdom). De Waal supports his often provocative arguments with charming stories and anecdotes drawn from the animals he has studied throughout his long and distinguished career.
650 0 _aSex differences
_97349
650 0 _aSexual dimorphism (Animals)
_925250
650 0 _aSexual behavior in animals
_925251
942 _2lcc
999 _c4672
_d4672